Welcome to WEB OPAC of MRSPTU Central Library

Apparel Machinery and Equipments (Record no. 6542)

MARC details
000 -LEADER
fixed length control field 00460nam a2200181Ia 4500
008 - FIXED-LENGTH DATA ELEMENTS--GENERAL INFORMATION
fixed length control field 230711s9999||||xx |||||||||||||| ||und||
020 ## - INTERNATIONAL STANDARD BOOK NUMBER
International Standard Book Number 978-9-38030-859-3
041 ## - LANGUAGE CODE
Language code of text/sound track or separate title ENG
082 ## - DEWEY DECIMAL CLASSIFICATION NUMBER
Classification number 681.7677
Item number RA-A
100 ## - MAIN ENTRY--PERSONAL NAME
Personal name Rathinamoorthy,R
245 #0 - TITLE STATEMENT
Title Apparel Machinery and Equipments
250 ## - EDITION STATEMENT
Edition statement 1st Ed.
260 ## - PUBLICATION, DISTRIBUTION, ETC.
Date of publication, distribution, etc. 2015
Place of publication, distribution, etc. New Delhi
Name of publisher, distributor, etc. Woodhead Publishing Pvt Ltd
300 ## - PHYSICAL DESCRIPTION
Extent 319p.
650 ## - SUBJECT ADDED ENTRY--TOPICAL TERM
Topical term or geographic name entry element Textile Engineering
700 ## - ADDED ENTRY--PERSONAL NAME
Personal name Surjit,R
942 ## - ADDED ENTRY ELEMENTS (KOHA)
Koha item type Book
Holdings
Withdrawn status Lost status Damaged status Not for loan Collection Home library Current library Date acquired Source of acquisition Cost, normal purchase price Inventory number Total checkouts Full call number Barcode Date last seen Date last checked out Price effective from Koha item type
          MRSPTU Central Library MRSPTU Central Library 07/06/2043 Krishna Book Distributors 2995.00 KBD/2017-2018/1019843059 6 681.7677 RA-A 38675 12/12/2024 08/29/2024 08/17/2023 Book
          MRSPTU Central Library MRSPTU Central Library     2995.00 49842486 2 681.6777 RA-A 31350 02/08/2024 10/20/2023 08/17/2023 Book
          MRSPTU Central Library MRSPTU Central Library 07/06/2043 Krishna Book Distributors 2995.00 KBD/2017-2018/1019843059 2 681.7677 RA-A 38676 10/21/2024 09/18/2024 08/17/2023 Book
          MRSPTU Central Library MRSPTU Central Library 07/06/2043 Krishna Book Distributors 2995.00 KBD/2017-2018/1019843059 9 681.7677 RA-A 38677 12/21/2023 12/12/2023 08/17/2023 Book
          MRSPTU Central Library MRSPTU Central Library 07/06/2043 Krishna Book Distributors 2995.00 KBD/2017-2018/1019843059 1 681.7677 RA-A 38678 02/05/2024 08/30/2023 08/17/2023 Book
          MRSPTU Central Library MRSPTU Central Library 07/06/2043 Krishna Book Distributors 2995.00 KBD/2017-2018/1019843059 1 681.7677 RA-A 38679 02/08/2024 08/30/2023 08/17/2023 Book

Website Designed and Developed by MRSPTU Central Library Team

E-mail Id: librarian@mrsptu.ac.in